|
|
|
|
| LEADER |
00000cam a2200000 7i4500 |
| 001 |
0000022183 |
| 005 |
20080725.0 |
| 008 |
080725 |
| 020 |
|
|
|a 9830032108
|
| 090 |
0 |
0 |
|a 499.280712
|b LAN
|
| 100 |
0 |
|
|a Nur Rashidah Hakim
|
| 245 |
1 |
0 |
|a Bahasa Malaysia PMR
|c Nur Rashidah Hakim ...[et al.]
|
| 260 |
|
|
|a Selangor :
|b Penerbitan Pelangi Sdn. Bhd ,
|c 2008
|
| 440 |
|
|
|a Focus super hot PMR
|
| 650 |
|
0 |
|a Malay language
|x Grammar
|x Elementary education
|x Charts,diagrams,etc
|
| 650 |
|
0 |
|a Malay language
|x Grammar
|x Elementary education
|x Curricula
|
| 650 |
|
0 |
|a Malay language
|x Grammar
|x Elementary education
|x Examinations
|x Study guides
|
| 700 |
0 |
|
|a Nursidah Hakim
|
| 999 |
|
|
|a 0001035462
|b Book
|c Teenagers
|e Perbadanan Perpustakaan Awam Johor
|
| 999 |
|
|
|a 0001035464
|b Book
|c Teenagers
|e Cawangan Taman Sri Lambak
|
| 999 |
|
|
|a 0001035465
|b Book
|c Teenagers
|e Cawangan Sri Merlong
|